[Event "TePe Sigeman Co 2022"]
[Site "Malmo"]
[Date "2022.05.06"]
[Round "4.4"]
[White "Salem, A.R. Saleh"]
[Black "Niemann, Hans Moke"]
[Result "0-1"]
[WhiteElo "2690"]
[BlackElo "2656"]
[Annotator "TA"]
[PlyCount "86"]
[EventDate "2022.05.03"]
[EventType "tourn"]
[EventCountry "SWE"]
[SourceTitle "playchess.com"]
[Source "ChessBase"]
[SourceQuality "1"]

{[%evp 19,86,-6,0,-13,0,0,2,-8,0,5,7,23,20,20,31,29,29,0,0,-13,0,-41,-49,-96,-70,-88,-95,-93,-73,-85,-12,-15,0,0,0,0,0,-27,-23,-131,-100,-97,-79,-75,-93,-148,-156,-134,-151,-138,-141,-146,-121,-126,-116,-222,-199,-195,-191,-360,-286,-343,-343,-343,-329,-826,-846,-2091,-2082]} 1. d4 {[%emt 0:00:02]} Nf6 {[%emt 0:00:44]} 2. c4 {[%emt 0:00:21]} e6 {[%emt 0:00:33]} 3. Nc3 {[%emt 0:00:05]} Bb4 {[%emt 0:01:08]} 4. e3 {[%emt 0:00:13]} O-O {[%emt 0:00:52]} 5. Bd3 {[%emt 0:00:10]} d5 {[%emt 0:00:41]} 6. Nf3 {[%emt 0:00:07]} dxc4 {[%emt 0:05:45]} 7. Bxc4 {[%emt 0:00:22]} c5 {[%emt 0:00:15]} 8. O-O {[%emt 0:00:07]} cxd4 {[%emt 0:00:17]} 9. exd4 {[%emt 0:00:06]} b6 {[%emt 0:00:11]} 10. Re1 {[%emt 0:01:55]} Bb7 {[%emt 0:01:39]} 11. Bd3 {[%emt 0:00:10] The main line 11.Bd3 scores better than 11.Bg5. E54: Nimzo-Indian: Rubinstein: Main Line: 7...dxc4 8 Bxc4.} h6 {[%emt 0:04:54]} 12. Bf4 {[%emt 0:01:18]} Nc6 {[%emt 0:03:37]} 13. a3 {[%emt 0:00:21] The position is equal.} Bd6 {[%emt 0:03:58]} 14. Be5 {[%emt 0:00:33] [#]} Be7 $146 {[%emt 0:04:45]} ({Predecessor:} 14... Rc8 15. Qe2 Nd5 16. Nxd5 Bxe5 17. dxe5 Qxd5 18. Be4 Qc5 19. h3 Rfd8 20. Rad1 Qe7 21. Rxd8+ Rxd8 22. Qe3 Qd7 {½-½ (22) Junge,W (2364)-Molzahn,N (2300) ICCF email 2017}) 15. Qe2 {[%emt 0:16:58]} Nxe5 {[%emt 0:05:56]} 16. dxe5 {[%emt 0:00:22]} Nd5 {[%emt 0:00:09] Strongly threatening ...Nf4.} 17. Qe4 {[%emt 0:18:20][%csl Gd3][%cal Re4h7] Prevents Nf4.} g6 {[%emt 0:00:31]} 18. Nb5 {[%emt 0:00:23]} Bc5 {[%emt 0:25:07]} 19. Rad1 {[%emt 0:06:35]} h5 {[%emt 0:09:14] Inhibits Qg4.} 20. Rd2 {[%emt 0:20:39]} Qe7 {[%emt 0:02:22]} 21. Nd6 {[%emt 0:00:42]} (21. Nbd4 $15 {is superior.}) 21... Bxd6 $17 {[%emt 0:01:56]} 22. exd6 {[%emt 0:04:12]} Qxd6 {[%emt 0:00:11]} 23. Ne5 {[%emt 0:00:29][%cal Oe5g6] [#]} Qe7 $1 {[%emt 0:00:47]} (23... f5 24. Qh4 $14) 24. Bc4 {[%emt 0:02:32][%cal Oe5g6]} ({Of course not} 24. Nxg6 fxg6 25. Qxg6+ Qg7 26. Qxe6+ Kh8) 24... Qg5 {[%emt 0:06:03]} ({Black should play} 24... Kg7 $17) 25. Rd3 $1 $11 {[%emt 0:02:37]} Rad8 {[%emt 0:04:36]} 26. h4 {[%emt 0:09:42]} Qf5 {[%emt 0:02:53]} 27. Qxf5 {[%emt 0:05:28]} gxf5 {[%emt 0:00:09]} (27... exf5 $2 28. Red1 $18) 28. Red1 {[%emt 0:05:02]} Kg7 $36 {[%emt 0:00:24][%mdl 2048] Black is more active.} 29. Bb5 {[%emt 0:00:07]} (29. Bxd5 $11 {remains equal.} Bxd5 30. Nc6) 29... Kf6 {[%emt 0:02:05]} 30. Nd7+ {[%emt 0:04:00] [#]} Rxd7 $1 {[%emt 0:00:09]} 31. Bxd7 {[%emt 0:00:01]} Nf4 $1 {[%csl LRd3,LRg2]} 32. Rd6 {[%emt 0:01:28]} (32. Rb3 $142) 32... Bxg2 $17 {[%emt 0:01:55]} 33. Bc6 {[%emt 0:01:42] Prevents Bf3.} Rg8 {[%emt 0:00:06] Hoping for ...Bxc6+.} 34. Bxg2 {[%emt 0:00:29]} Rxg2+ {[%mdl 4096] Endgame KRR-KRN} ({Weaker is} 34... Nxg2 35. Rd8 Rg7 36. Kf1 $11) 35. Kf1 {[%emt 0:00:27]} Rh2 {[%emt 0:00:05][%cal Rh2h1]} 36. Kg1 {[%emt 0:00:06] Inhibits Rh1+.} Rxh4 {[%emt 0:00:04] Black is more active.} 37. Rd7 {[%emt 0:00:45]} (37. R1d2 $17 {was called for.}) 37... Rg4+ $19 {[%emt 0:00:56]} 38. Kh1 {[%emt 0:00:06] [#]} Nh3 $1 {[%emt 0:00:58]} 39. R1d2 {[%emt 0:01:11]} (39. Rf1) 39... Ng5 {[%emt 0:01:07]} 40. R2d3 {[%emt 0:00:34]} f4 {[%emt 0:04:40][%cal Bf5f4,Bf4f3][%mdl 32]} 41. Rxa7 {[%emt 0:03:10]} f3 {[%emt 0:00:16] aiming for ...Rh4+.} ({And not} 41... Ne4 42. Rf3 $15) 42. Rb3 $2 {[%emt 0:04:52]} (42. Rc3 h4 43. Rac7) 42... e5 {[%emt 0:04:28] Threatens to win with ...e4.} 43. Rxb6+ {[%emt 0:02:57]} Kg7 {[%emt 0:00:30] Weighted Error Value: White=0.47/Black=0.08 (flawless)} 0-1

[Event "TePe Sigeman Co 2022"]
[Site "Malmo"]
[Date "2022.05.07"]
[Round "5.1"]
[White "Niemann, Hans Moke"]
[Black "Shirov, Alexei"]
[Result "1-0"]
[WhiteElo "2656"]
[BlackElo "2695"]
[Annotator "TA"]
[PlyCount "117"]
[EventDate "2022.05.03"]
[EventType "tourn"]
[EventCountry "SWE"]
[SourceTitle "playchess.com"]
[Source "ChessBase"]
[SourceQuality "1"]

{[%evp 15,117,26,23,19,18,22,29,24,28,26,17,10,8,18,8,16,10,18,25,13,12,16,29,25,22,0,0,0,0,-51,-44,-81,-83,-104,-113,-108,-100,-85,-102,-135,-93,-89,-86,-101,-59,-60,0,0,0,0,0,0,42,36,34,34,93,103,104,95,95,75,77,49,52,42,50,34,41,35,37,32,118,119,166,122,279,279,279,279,279,273,259,258,494,483,441,432,409,405,1090,1087,690,500,791,592,592,592,592,580,1334,1305,688,478]} 1. d4 {[%emt 0:00:04]} d5 {[%emt 0:00:06]} 2. c4 {[%emt 0:00:27]} c6 {[%emt 0:00:06]} 3. Nf3 {[%emt 0:00:24]} Nf6 {[%emt 0:00:09]} 4. e3 {[%emt 0:00:08]} Bf5 {[%emt 0:00:05]} 5. Nc3 {[%emt 0:00:07]} e6 {[%emt 0:00:04]} 6. Nh4 {[%emt 0:00:08]} Be4 {[%emt 0:00:04]} 7. f3 {[%emt 0:00:09]} Bg6 {[%emt 0:00:04]} 8. Qb3 {[%emt 0:00:09]} Qc7 {[%emt 0:00:09]} 9. Bd2 {[%emt 0:00:06] D12: Slav Defence: 3 Nf3 Nf6 4 e3 Bf5.} Be7 {[%emt 0:00:13]} 10. g3 {[%emt 0:00:07]} a6 {[%emt 0:01:15]} 11. c5 $5 {[%emt 0:00:16][%mdl 4] White has an edge. A promising side line.} Nbd7 {[%emt 0:02:01]} 12. Nxg6 {[%emt 0:01:02]} hxg6 {[%emt 0:00:08]} 13. Na4 {[%emt 0:00:04] Inhibits b6.} g5 {[%emt 0:08:47]} 14. O-O-O {[%emt 0:00:11]} g4 {[%emt 0:09:33]} 15. Be2 {[%emt 0:00:17]} gxf3 {[%emt 0:09:13]} 16. Bxf3 {[%emt 0:00:07]} O-O-O {[%emt 0:04:30]} 17. Rdf1 {[%emt 0:00:06] [#]} g5 $146 {[%emt 0:06:55]} ({Predecessor:} 17... Rh7 18. Be1 g5 19. Qd1 Rdh8 20. h4 Rg7 21. hxg5 Rxh1 22. Rxh1 Rxg5 23. Nc3 Rg8 {½-½ (44) Mickevicius,J (2301)-Misiunas,A (2270) ICCF email 2017}) 18. Be1 {[%emt 0:12:28]} g4 {[%emt 0:03:55]} 19. Be2 {[%emt 0:02:21]} Rh3 {[%emt 0:03:16]} 20. Bd3 {[%emt 0:01:52]} Rdh8 {[%emt 0:00:06]} 21. Qc2 {[%emt 0:00:27]} Qd8 {[%emt 0:01:18]} 22. Qg2 {[%emt 0:13:40]} (22. Qe2 $11) 22... Qg8 {[%emt 0:21:04][%cal Of6e4]} 23. Nc3 {[%emt 0:06:44] [#] Inhibits Ne4.} Nh7 $1 {[%emt 0:06:23][%cal Bf6h7,Bh7g5,Bg5f3][%mdl 32]} 24. e4 {[%emt 0:08:12][%cal Re4d5]} Ng5 {[%emt 0:00:54]} 25. exd5 {[%emt 0:05:40]} Nf3 {[%emt 0:00:09]} 26. Rxf3 {[%emt 0:07:45]} gxf3 {[%emt 0:00:06]} 27. Qc2 {[%emt 0:00:21]} exd5 {[%emt 0:05:32] Hoping for ...Qg5+.} 28. Bf5 {[%emt 0:02:10]} Qg5+ {[%emt 0:01:30]} 29. Kb1 {[%emt 0:00:22]} Qh6 {[%emt 0:05:48][%cal Rh3h2]} 30. Bd2 $1 {[%emt 0:04:13]} Rxh2 {[%emt 0:03:11]} (30... Qf6 $15 31. Bxh3 Rxh3) 31. Bxh6 $11 {[%emt 0:01:55] Really sharp! This bishop pair is nice.} Rxh1+ {[%emt 0:03:17]} 32. Bc1 {[%emt 0:00:05] Nd1 is the strong threat.} R8h2 {[%emt 0:05:51]} 33. Bxd7+ {[%emt 0:00:05]} Kb8 {[%emt 0:00:08] [#]} 34. Nd1 $1 {[%emt 0:01:16]} Rxc2 {[%emt 0:00:42]} 35. Kxc2 {[%emt 0:00:32]} Kc7 {[%emt 0:00:51]} (35... Bd8 $14) 36. Bg4 $16 {[%emt 0:00:12]} Rf1 {[%emt 0:00:28]} 37. Bf4+ {[%emt 0:01:20]} Kd8 {[%emt 0:00:04]} 38. Be3 {[%emt 0:00:05] Inhibits f2.} Bf6 {[%emt 0:00:17]} 39. a4 {[%emt 0:02:18]} a5 {[%emt 0:00:24]} 40. Kd2 {[%emt 0:00:35]} Kc7 {[%emt 0:00:31]} 41. Bh5 {[%emt 0:02:22]} b6 {[%emt 0:00:38]} 42. cxb6+ {[%emt 0:02:14]} Kxb6 {[%emt 0:00:07]} 43. Bf2 {[%emt 0:10:45]} Bg5+ {[%emt 0:03:32]} ({Black should play} 43... Kb7 $14) 44. Kc2 {[%emt 0:00:49]} f6 {[%emt 0:01:36]} (44... Rh1 $16 {was worth a try.} 45. Bxf3 Rh2) 45. b3 {[%emt 0:02:16]} Bh6 $2 {[%emt 0:02:05] This move loses the game for Black.} (45... Rh1 $16 {was necessary.} 46. Bxf3 Rh2) 46. Bxf3 $18 {[%emt 0:02:48]} Be3 {[%emt 0:00:29]} 47. Bxe3 {[%emt 0:00:05] Intending Bg2 and mate.} Rxf3 {[%emt 0:00:04]} 48. Bf4 {[%emt 0:00:11]} c5 {[%emt 0:00:17]} 49. Ne3 {[%emt 0:02:31]} cxd4 $2 {[%emt 0:09:42]} (49... Kc6 50. Kd3 Rf2 51. dxc5 Kxc5) 50. Nxd5+ {[%emt 0:00:22]} Kc5 {[%emt 0:00:24]} 51. Nxf6 {[%emt 0:00:06]} Rf2+ {[%emt 0:04:38]} 52. Kd3 {[%emt 0:05:40] Ne4+ would kill now.} Rf3+ {[%emt 0:00:04]} (52... Rf1 $142 53. Nd7+ Kd5 54. Nb6+ Kc5) 53. Ke4 {[%emt 0:03:32] White is clearly winning.} Rxb3 {[%emt 0:00:07]} 54. Nd7+ {[%emt 0:00:11]} Kc4 {[%emt 0:00:07]} (54... Kc6 $142 55. Ne5+ Kd6 56. Nd3+ (56. Kxd4 Rb4+ 57. Nc4+ Kc6 $14) 56... Kc6) 55. Ne5+ {[%emt 0:00:22]} Kc3 {[%emt 0:00:10] [#]} 56. Nf3 $1 {[%emt 0:01:26]} Ra3 {[%emt 0:11:25]} 57. Bd2+ {[%emt 0:01:42]} Kc2 {[%emt 0:00:05][%cal Oa3f3] Strongly threatening ...Rxf3!} 58. Bxa5 {[%emt 0:03:00]} d3 {[%emt 0:01:39]} 59. Ne1+ {[%emt 0:01:00] Weighted Error Value: White=0.16 (very precise) /Black=0.23 (precise)} 1-0

[Event "TePe Sigeman Co 2022"]
[Site "Malmo"]
[Date "2022.05.07"]
[Round "5.2"]
[White "Grandelius, Nils"]
[Black "Salem, A.R. Saleh"]
[Result "1-0"]
[WhiteElo "2635"]
[BlackElo "2690"]
[Annotator "TA"]
[PlyCount "73"]
[EventDate "2022.05.03"]
[EventType "tourn"]
[EventCountry "SWE"]
[SourceTitle "playchess.com"]
[Source "ChessBase"]
[SourceQuality "1"]

{[%evp 9,73,28,11,0,0,-7,0,0,3,0,0,0,0,0,0,0,14,0,7,-1,0,0,27,0,12,-22,0,0,0,-3,0,0,0,0,0,0,0,0,0,-37,0,-9,0,-7,0,0,61,49,55,33,114,105,116,107,244,264,266,221,238,208,732,713,668,566,937,862]} 1. e4 {[%emt 0:03:21]} c6 {[%emt 0:01:54]} 2. d4 {[%emt 0:00:32]} d5 {[%emt 0:00:07]} 3. exd5 {[%emt 0:00:44]} cxd5 {[%emt 0:00:07]} 4. Nf3 {[%emt 0:00:06]} Nc6 {[%emt 0:00:11]} 5. c4 {[%emt 0:00:51]} Nf6 {[%emt 0:00:12]} 6. h3 {[%emt 0:00:20] Inhibits Bg4. B13: Caro-Kann: Exchange Variation and Panov-Botvinnik Attack.} g6 {[%emt 0:01:41] is now more promising than 6...e6.} 7. c5 {[%emt 0:02:47]} Bg7 {[%emt 0:00:13]} 8. Bb5 {[%emt 0:01:01] The position is equal.} O-O {[%emt 0:08:46]} 9. O-O {[%emt 0:01:01]} Ne4 {[%emt 0:01:56]} 10. Nc3 {[%emt 0:01:12]} Bf5 {[%emt 0:05:43] [#]} 11. Ne2 $146 {[%emt 0:16:38]} ({Predecessor:} 11. Re1 a6 12. Ba4 h6 13. Bf4 g5 14. Bh2 e6 15. a3 Rc8 16. Bc2 Nxc3 17. bxc3 Bxc2 18. Qxc2 {0-1 (33) Musovic,A (2338)-Indjic,A (2604) Chess.com INT 2022}) 11... Rc8 {[%emt 0:26:29]} 12. Be3 {[%emt 0:12:09]} a6 {[%emt 0:01:25]} 13. Bxc6 {[%emt 0:02:53]} bxc6 {[%emt 0:00:38]} 14. b4 {[%emt 0:09:33]} a5 {[%emt 0:04:37]} 15. a3 {[%emt 0:04:11]} Qc7 {[%emt 0:09:45]} 16. Rb1 {[%emt 0:11:59][%cal Ba1b1,Bb1b4,Bb4b7,Bb7e7][%mdl 32]} axb4 {[%emt 0:02:30]} 17. Rxb4 {[%emt 0:00:29]} Qa7 {[%emt 0:04:50]} 18. Qb3 {[%emt 0:02:27]} Ra8 {[%emt 0:02:51]} 19. Rb7 {[%emt 0:07:24]} Qa6 {[%emt 0:02:06]} 20. Nf4 {[%emt 0:01:39]} Qxa3 {[%emt 0:08:13]} 21. Qxa3 {[%emt 0:01:11]} Rxa3 {[%emt 0:00:02]} 22. Rxe7 {[%emt 0:00:39]} Bf6 {[%emt 0:02:38]} 23. Rb7 {[%emt 0:08:28]} Rfa8 {[%emt 0:00:31]} 24. Rb6 {[%emt 0:02:22]} Bd7 {[%emt 0:11:02]} (24... g5 $5 {[%cal Rg5f4]} 25. Nh5 Bd8 26. Rxc6 Bg6 $11) 25. Rfb1 {[%emt 0:00:44]} Kg7 {[%emt 0:02:03]} 26. Rb8 {[%emt 0:03:04]} Rxb8 {[%emt 0:02:03]} 27. Rxb8 {[%emt 0:00:03]} Ra1+ {[%emt 0:00:54]} (27... h6 $11) 28. Kh2 $14 Ra7 {[%emt 0:00:30] Inhibits Rb7.} 29. Nd3 {[%emt 0:02:02]} Rc7 {[%emt 0:01:16]} (29... h5 $1 $14) 30. Nfe5 $16 {[%emt 0:05:41]} Bc8 {[%emt 0:00:01]} 31. f3 {[%emt 0:02:15] White is more active.} Nc3 {[%emt 0:00:08] Loses the game.} (31... Ng5 $16) 32. Bd2 $18 {[%emt 0:00:43]} Ne2 {[%emt 0:01:34]} 33. Ba5 {[%emt 0:00:26]} Ra7 {[%emt 0:00:21]} 34. Nxc6 {[%emt 0:01:01] Pair of Knights!} ({Worse is} 34. Rxc8 Rxa5 35. Nxc6 Ra2 $15) 34... Rb7 $2 {[%emt 0:01:40] [#]} (34... Rxa5 35. Nxa5 Bf5) 35. Rxc8 {[%emt 0:00:20] White is clearly winning.} Rb3 36. Nce5 {[%emt 0:00:40]} Rb1 {[%emt 0:00:01]} 37. Bd8 {[%emt 0:00:36] Weighted Error Value: White=0.08 (flawless) /Black=0.22 (precise)} 1-0

[Event "TePe Sigeman Co 2022"]
[Site "Malmo"]
[Date "2022.05.07"]
[Round "5.3"]
[White "Van Foreest, Jorden"]
[Black "Erigaisi Arjun"]
[Result "1/2-1/2"]
[WhiteElo "2715"]
[BlackElo "2675"]
[Annotator "TA"]
[PlyCount "99"]
[EventDate "2022.05.03"]
[EventType "tourn"]
[EventCountry "SWE"]
[SourceTitle "playchess.com"]
[Source "ChessBase"]
[SourceQuality "1"]

{[%evp 12,99,50,43,31,34,38,30,38,43,37,32,21,33,26,24,44,24,23,20,39,37,48,49,41,40,33,9,13,6,17,10,9,-6,-6,-6,-8,-60,0,0,0,0,0,0,0,0,0,0,0,0,0,-3,-6,-60,-54,-52,-37,-24,-22,-79,-45,-47,-60,-105,-99,-120,-70,-75,0,-14,-8,-8,-8,-8,-8,-8,-8,-8,-8,-2574,-8,-2581,-2581,-2420,-8,-8,-8,-8,-8,-8]} 1. e4 {[%emt 0:00:03]} e5 {[%emt 0:00:08]} 2. Nf3 {[%emt 0:00:11]} Nc6 {[%emt 0:00:07]} 3. Bc4 {[%emt 0:00:16]} Nf6 {[%emt 0:00:07]} 4. d3 {[%emt 0:00:29]} d5 {[%emt 0:00:07]} 5. exd5 {[%emt 0:00:09]} Nxd5 {[%emt 0:00:05]} 6. O-O {[%emt 0:00:53]} Be7 {[%emt 0:01:08]} 7. Re1 {[%emt 0:00:08]} f6 $1 {[%emt 0:00:06][%mdl 4] is more profitable than 7...Bg4 at the moment. C24: Bishop's Opening: 2...Nf6.} 8. d4 {[%emt 0:01:22][%cal Rd4e5]} Nb6 {[%emt 0:00:08][%csl LRc4,LRd4]} 9. Bb3 {[%emt 0:00:03]} Nxd4 {[%emt 0:00:08] White has an edge.} 10. Nxd4 {[%emt 0:00:04]} Qxd4 {[%emt 0:00:06]} 11. Qxd4 {[%emt 0:01:54]} exd4 {[%emt 0:00:06]} 12. Bf4 {[%emt 0:02:58]} Bf5 {[%emt 0:00:08]} 13. Bxc7 {[%emt 0:01:49] Hoping for Bd6.} Kd7 {[%emt 0:00:06] [#] Inhibits Bd6.} 14. Nd2 $146 {[%emt 0:00:25][%cal Bb1d2,Bd2e4,Be4c5][%mdl 32]} ({Predecessor:} 14. Bg3 Rac8 15. Rd1 Bxc2 16. Rxd4+ Ke8 17. Nc3 Bxb3 18. axb3 a6 19. Bd6 Bxd6 20. Rxd6 Na8 21. Re1+ Kf8 22. Rd7 Re8 23. Rxe8+ Kxe8 24. Rxb7 Rf8 25. Nd5 {1-0 (25) Esquivel Leon,J (2170)-Vargas Cortes,G ICCF email 2018}) 14... Bc5 {[%emt 0:00:07] [#]} 15. Ne4 $1 {[%emt 0:03:02]} Kxc7 {[%emt 0:00:07]} (15... Bb4 16. c3) 16. Nxc5 {[%emt 0:00:07]} Rae8 {[%emt 0:00:05]} 17. Be6 {[%emt 0:04:12]} Bxc2 {[%emt 0:00:21] aiming for ...d3.} 18. Rac1 {[%emt 0:01:36]} Bg6 {[%emt 0:00:07]} 19. f4 {[%emt 0:03:45][%mdl 1024] Black must now prevent f5. White has compensation.} (19. Na6+ {feels hotter.} Kd6 20. Nc7 d3 21. Nxe8+ Rxe8 22. Bg4) 19... Kb8 {[%emt 0:26:11]} 20. f5 {[%emt 0:23:53]} Bh5 {[%emt 0:00:23]} 21. Re4 {[%emt 0:01:43] g4 is the strong threat.} Rd8 {[%emt 0:00:30]} 22. g4 {[%emt 0:07:13]} Be8 {[%emt 0:00:24]} 23. Rd1 {[%emt 0:00:04]} Na4 {[%emt 0:00:08]} 24. Nb3 {[%emt 0:19:18]} ({Better is} 24. Nxa4 $11 Bxa4 25. Rd2 (25. Rdxd4 Bc6 $11)) 24... Nxb2 {[%emt 0:29:50]} (24... d3 $15) 25. Rexd4 $11 {[%emt 0:00:31]} Rxd4 {[%emt 0:00:07]} 26. Rxd4 {[%emt 0:00:04] Strongly threatening Rd8+.} Kc7 {[%emt 0:00:06] Prevents Rd8.} 27. Nc5 {[%emt 0:03:29] Inhibits Na4.} b6 {[%emt 0:02:36]} 28. Na6+ {[%emt 0:01:01]} Kb7 {[%emt 0:00:07]} 29. Nb4 {[%emt 0:00:05]} a5 {[%emt 0:00:05]} 30. Bd5+ {[%emt 0:03:00]} Kc8 {[%emt 0:05:26]} 31. Rd2 {[%emt 0:04:50]} Na4 {[%emt 0:10:45]} 32. Rc2+ {[%emt 0:00:12]} (32. Be6+ $11 Kb7 33. Bd5+ Kc8 34. Be6+ Kc7 35. Nd5+ Kb7 36. Nf4) 32... Kd8 $1 $15 {[%emt 0:00:57]} 33. Na6 {[%emt 0:02:57]} Bb5 {[%emt 0:02:20]} 34. Nc7 {[%emt 0:01:27]} Bd7 {[%emt 0:00:06]} 35. Bb3 {[%emt 0:01:49]} (35. Bf3 $11) 35... h5 {[%emt 0:04:30]} (35... Nc5 $5 {[%cal Rd8c7]} 36. Nd5 Nxb3 37. axb3 b5 $15) 36. Nd5 {[%emt 0:04:18]} hxg4 {[%emt 0:00:23]} 37. Bxa4 {[%emt 0:01:52]} Bxa4 {[%emt 0:00:06][%mdl 4096] Endgame KRB-KRN} 38. Rd2 {[%emt 0:00:03]} b5 {[%emt 0:07:41]} (38... Bc6 $17 {And now ...Bxd5 would win.} 39. Nxf6+ Kc7 40. Nxg4 Rh5) 39. Nxf6+ {[%emt 0:00:07]} Kc8 {[%emt 0:01:03]} (39... Kc7 $17 40. Nxg4 (40. Rd7+ Kc6 $17) 40... Rd8 41. Rxd8 Kxd8) 40. Nxg4 {[%emt 0:00:14]} Rd8 {[%emt 0:00:06]} 41. Rxd8+ {[%emt 0:02:55]} Kxd8 $11 {[%emt 0:00:17] KB-KN} 42. f6 {[%emt 0:01:14]} gxf6 {[%emt 0:00:28]} 43. Nxf6 {[%emt 0:00:05]} b4 {[%emt 0:00:34]} 44. Kf2 {[%emt 0:01:36]} Bc2 {[%emt 0:00:28]} 45. Nd5 $2 {[%emt 0:02:55][%mdl 8192]} (45. Ke3 $11) 45... Be4 $2 {[%emt 0:01:36]} (45... Bb1 $19 46. a3 bxa3) 46. Nb6 $2 {[%emt 0:04:41][%mdl 8192]} (46. Nf4 $11) 46... Bb1 $19 {[%emt 0:00:29]} 47. Ke3 {[%emt 0:01:10] [#]} Bxa2 $2 {[%emt 0:00:15]} (47... Kc7 $1 $19 {[%cal Rc7b6]} 48. Na4 Bxa2) 48. Kd4 $1 $11 {[%emt 0:00:07] The position is equal.} Bf7 {[%emt 0:05:22]} (48... Kc7 $5 49. Kc5 Be6 $11) 49. Kc5 {[%emt 0:01:28]} Ke7 {[%emt 0:00:37]} 50. Na4 {[%emt 0:00:38] Weighted Error Value: White=0.43/Black=0.35} 1/2-1/2